LEADER 00755nam0-22002891i-450- 001 990001801180403321 005 20021010 035 $a000180118 035 $aFED01000180118 035 $a(Aleph)000180118FED01 035 $a000180118 100 $a20021010d--------km-y0itay50------ba 101 0 $aita 200 1 $aDi una macchina seminatrice$fB. Moreschi. 210 $aForli$cTip. Democratica$d1885. 215 $a8 p.$d24 cm 610 0 $aSeminatrici 676 $a631.3 700 1$aMoreschi,$bB.$0355019 801 0$aIT$bUNINA$gRICA$2UNIMARC 901 $aBK 912 $a990001801180403321 952 $a60 DONO COMES 4/44$b37814$fFAGBC 959 $aFAGBC 996 $aDi una macchina seminatrice$9411310 997 $aUNINA DB $aING01